Из дневника А.И. Стронина (Запись № 7224531)

Подробности
000 -МАРКЕР
контрольное поле 01543nam0a22003491 4500
001 - ИДЕНТИФИКАТОР ЗАПИСИ
контрольное поле v19\rc\1987467
005 - ИДЕНТИФИКАТОР ВЕРСИИ
контрольное поле 20260406004210.0
035 ## - ДРУГИЕ СИСТЕМНЫЕ НОМЕРА
Идентификатор записи (NLR Aleph) 005083784
100 ## - ДАННЫЕ ОБЩЕЙ ОБРАБОТКИ
Данные общей обработки 20251123 rusy50
101 0# - ЯЗЫК РЕСУРСА
Язык текста, звукозаписи и т.д. русский
102 ## - СТРАНА ПУБЛИКАЦИИ ИЛИ ПРОИЗВОДСТВА
Страна публикации Российская Федерация
105 ## - ПОЛЕ КОДИРОВАННЫХ ДАННЫХ: ТЕКСТОВЫЕ МАТЕРИАЛЫ, МОНОГРАФИЧЕСКИЕ
Кодированные данные о монографическом текстовом документе y z |||||
200 1# - ЗАГЛАВИЕ И СВЕДЕНИЯ ОБ ОТВЕТСТВЕННОСТИ
Основное заглавие Из дневника А.И. Стронина
Сведения, относящиеся к заглавию (К истории Арханг. ссылки)
Первые сведения об ответственности Ан. Попов
210 ## - ПУБЛИКАЦИЯ, РАСПРОСТРАНЕНИЕ И ДР.
Место издания, распространения и т.д. Архангельск
Имя издателя, распространителя и т. д. Губ. тип.
Дата издания, распространения и т.д. 1915
215 ## - ФИЗИЧЕСКАЯ ХАРАКТЕРИСТИКА
Специфическое обозначение материала и объем 17 с.
Размеры 25
311 ## - ПРИМЕЧАНИЯ, ОТНОСЯЩИЕСЯ К ПОЛЯМ СВЯЗИ (ПРИМЕЧАНИЯ О СВЯЗИ С ДРУГИМИ ПРОИЗВЕДЕНИЯМИ (ИЗДАНИЯМИ))
Текст примечания Перепеч. из №№ 2 и 3 "Изв. Арханг. О-ва Изуч. Рус. Севера" 1915 г.
488 #0 - ДРУГИЕ ВЗАИМОСВЯЗАННЫЕ ПРОИЗВЕДЕНИЯ (ДОКУМЕНТЫ)
Встроенное поле 2001#$aИзвестия Архангельского общества изучения Русского Севера$v1915, № 2, 3
Заглавие Известия Архангельского общества изучения Русского Севера
532 10 - РАСШИРЕННОЕ ЗАГЛАВИЕ
Заглавие Из дневника Александра Ивановича Стронина
700 #1 - ИМЯ ЛИЦА - ПЕРВИЧНАЯ ОТВЕТСТВЕННОСТЬ
Графика поля Кириллица
Материалы, к которым относится поле rus
Начальный элемент ввода Попов
Часть имени, кроме начального элемента ввода А. Н.
Дополнения к именам, кроме дат историк, краевед
Даты 1890-1937
Расширение инициалов личного имени Андрей Николаевич
Системный номер авторитетной/нормативной записи 96646
Идентификатор авторитетной/нормативной записи RU\NLR\AUTH\77113721
702 #1 - ИМЯ ЛИЦА - ВТОРИЧНАЯ ОТВЕТСТВЕННОСТЬ
Начальный элемент ввода Стронин
Часть имени, кроме начального элемента ввода А.И.
Даты 1826-1889
Расширение инициалов личного имени Александр Иванович
Код отношения Прочие
801 #0 - ИСТОЧНИК ЗАПИСИ
Страна Российская Федерация
Организация NLR
Правила каталогизации psbo
801 #0 - ИСТОЧНИК ЗАПИСИ
Страна Российская Федерация
Организация RuMoRGB
Источник данных psbo
801 #1 - ИСТОЧНИК ЗАПИСИ
Страна Российская Федерация
Организация ProSoft-M
Источник данных rusmarc
852 ## - МЕСТОНАХОЖДЕНИЕ И ШИФР ХРАНЕНИЯ
Идентификатор организации NLR
Шифр хранения (Call Number) 37.57.4.162
899 ## - ДАННЫЕ О МЕСТОНАХОЖДЕНИИ (устаревшее)
Местонахождение RuMoRGB
Шифр хранения V 84/260
899 ## - ДАННЫЕ О МЕСТОНАХОЖДЕНИИ (устаревшее)
Местонахождение RuMoRGB
Шифр хранения O 54/572
899 ## - ДАННЫЕ О МЕСТОНАХОЖДЕНИИ (устаревшее)
Местонахождение RuMoRGB
Шифр хранения U 177/1433
899 ## - ДАННЫЕ О МЕСТОНАХОЖДЕНИИ (устаревшее)
Местонахождение БАН
942 ## - ДОПОЛНИТЕЛЬНЫЕ ЭЛЕМЕНТЫ ЗАПИСИ (АБИС)
Тип экземпляра АБИС Книга
980 ## - КОЛЛЕКЦИЯ
Название коллекции Национальная библиография
Экземпляры
Тип экземпляра Дата поступления Библиотека постоянного хранения Библиотека текущего хранения Место хранения Шифр хранения Штрих-код Статус экземпляра
Книга 26.10.2013 РНБ (Московский) РНБ (Московский) Неопределен, для заказа не доступен, в ЭК виден   5083784-50  
Книга 26.10.2013 РНБ (Садовая) РНБ (Садовая) Русский книжный фонд -Главное здание, Ленинский читальный зал 37.57.4.162 5083784-10